000 01357nam a2200253Ia 4500
999 _c47818
_d47818
001 14692
003 GE_BSU
005 20241120115050.0
008 181216s2015||||ge |||||||||||||| ||geo||
040 _cGE_BSU
041 _ageo
080 _a364.056 მ-54
100 _aმელოიანი-ფუტკარაძე, ლილით
_923758
245 _aსოციალური დაზღვევის როლი მოსახლეობის სოციალური რისკებისაგან დაცვაში :
_b[მონოგრაფია] /
_cლილით მელოიანი-ფუტკარაძე ; რედაქტორი ასიე ცინცაძე.
264 _aთბილისი :
_bუნივერსალი,
_c2015.
300 _a217 გვ. ;
_c21 სმ.
504 _aბიბლიოგრფია : გვ. 201-210
653 _aსოციალური დაცვა
653 _aსოციალური დაზღვევა
653 _aსოციალური დაცვა საქართველოში
653 _aსოციალური დაზღვევა საქართველოში
700 _aცინცაძე, ასიე
_eრედაქტორი
_912504
942 _cBK
_2udc